| 000 | 00335nam a22001217a 4500 | ||
|---|---|---|---|
| 008 | 170713b xxu||||| |||| 00| 0 eng d | ||
| 041 | _aeng | ||
| 080 | _a038 | ||
| 100 | _a23 | ||
| 101 | _aFJA | ||
| 245 |
_aFAMILY WORD FINDER A NEW THESAURUS OF SYNONYMS AND ANTONYMS IN DICTIONARY FORM _cFLEXNER.S.B |
||
| 942 |
_2udc _cBK |
||
| 999 |
_c20425 _d20425 |
||